Oliver Leššo. Architektúra skla Slovenská sporiteľňa galéria Bratislava 2000

Bibliographic Details
Corporate Authors: Slovenská sporiteľňa Bratislava, Slovensko (Author), ARTPEX (Bratislava, Slovensko) (vyd)
Other Authors: Srnenská, Dagmar, 1950- (Author of dialog, tex), Zacharová, Valéria (Photographer)
Format: Book
Language:Slovak
PhysicalDescription:1 skladačka ([6] s.) fareb. fotogr. 30x14 cm
Published: Bratislava Slovenská sporiteľňa 2000
Subjects:

MARC

LEADER 00000nam a2200000 a 4500
001 vtls001399500
003 SK-MaSNL
005 20260426001716.0
008 160322s2000 xo ab rd d 0 slo
015 |a SNBE2001/01-00608 
035 |a SNK000353964 
040 |a SNK  |b slo  |c SNK  |e AACR2 
041 0 |a slo 
044 |a xo  |c SK 
080 |a 748.071.1:061.4(083.9)=854=20=30  |2 1981 
080 |a 929 Leššo, Oliver  |2 1981 
245 1 |a Oliver Leššo. Architektúra skla  |b Slovenská sporiteľňa galéria Bratislava 2000  |c koncepcia výstavy, text: Dagmar Srnenská ; fotografie: V. Zacharová 
260 |a Bratislava  |b Slovenská sporiteľňa  |c 2000 
300 |a 1 skladačka ([6] s.)  |b fareb. fotogr.  |c 30x14 cm 
500 |a Súbež. text angl., nem. 
500 |a Vydané v spolupráci s Artpex 
500 |a 800 výt. 
504 |a Biogr. údaje 
600 1 |a Leššo, Oliver  |d 1973-  |x výstavy  |x katalógy  |2 SNK  |9 583164 
610 0 7 |a Slovenská sporiteľňa  |a Bratislava, Slovensko  |e Galéria  |x výstavy  |y 2000  |x katalógy  |2 SNK  |9 297322 
611 1 7 |a Slovenská sporiteľňa  |a Bratislava, Slovensko  |e Galéria  |x výstavy  |y 2000  |x katalógy  |2 SNK  |9 583165 
651 7 |a Bratislava (Slovensko)  |2 SNK  |9 14568 
655 7 |a katalógy výstav  |2 SNK  |9 70445 
700 1 |a Srnenská, Dagmar,  |d 1950-  |4 aud  |4 tex  |9 98501 
700 1 |a Zacharová, Valéria  |4 pht  |9 47837 
710 0 |a Slovenská sporiteľňa Bratislava, Slovensko  |4 aut  |9 284705 
710 2 |a ARTPEX (Bratislava, Slovensko)  |4 vyd  |9 36534 
958 |a TL 
958 |a BX 
999 |c 896754  |d 898684 
952 |t P60, <03>, [BOOK], {603}  |a SNK  |b SNK  |y PREZ  |7 0  |p 17A0258095  |o snkOSB 12690  |i snkKSP 11541/2000  |0 0  |1 0  |4 0  |d 2000-11-10  |l 0  |r 2005-01-02 00:00:00  |w 2026-02-24 
952 |t P60, <04>, [BOOK], {604}  |a SNK  |b SNK  |y VYP  |7 0  |p 17A0293778  |o snkOSB 12690 D1  |i snkKSP 4189/2001  |0 0  |1 0  |4 0  |d 2001-04-11  |l 0  |r 2005-01-02 00:00:00  |w 2026-02-24